000 00812nam a22002777a 4500
005 20230512223659.0
008 210112t xxu||||| |||| 00| 0 eng d
020 _a9781138100381
040 _cCSPC
082 0 _a616.82152
_bOn21
245 0 0 _a101 interventions in group therapy
250 _aSecond
_bEdition
260 _aNew York:
_bRoutledge,
_c2017.
300 _axiv, 378 pages :
_c24 cm.
336 _2rdacontent
_atext
337 _2rdamedia
_aunmediated
338 _2rdacarrier
_avolume
500 _aIncludes index,
504 _aIncludes bibliographical references.
650 1 0 _aGroup psychotherapy.
700 1 _aScott Simon Fehr
_eeditor
940 _aLenie
942 _cBOOK
_jCIR 616.82152 On21 2017
999 _c11155
_d11155